| 000 | 00434pam a2200157a 44500 | ||
|---|---|---|---|
| 008 | 230515b1987 xxu||||| |||| 00| 0 eng d | ||
| 020 | _aNULL | ||
| 041 | _aENGL | ||
| 082 | _aNULL | ||
| 100 | _a"MAHAJAN W. D.,DESHPANDE S. W.," | ||
| 245 | _aSOCIAL SECURITY LEGISLATION | ||
| 250 | _a0 | ||
| 260 |
_aNAGPUR _bCENTRAL BORD WORKERS EDUCATION _c1987 |
||
| 300 | _aNULL | ||
| 650 | _a"LABOUR ECONOMICS,INDUSTRIAL RELATIONS,TRADE UNION" | ||
| 999 |
_c539117 _d539117 |
||